Los ardides de Timothy / (Registro nro. 2768)
[ vista simple ]
| 000 -LEADER | |
|---|---|
| fixed length control field | 01363nam a2200205 a 4500 |
| 008 - CAMPO DE CONTROL (LIBRO) | |
| fixed length control field | 180524e1989 ag ||||| |||| 00| f spa d |
| 020 ## - INTERNATIONAL STANDARD BOOK NUMBER | |
| ISBN | 9500408759 |
| 041 ## - CODIGO DE IDIOMA | |
| Código de idioma del texto/pista de sonido o título separado | spa |
| 092 ## - SIGNATURA TOPOGRAFICA DEWEY LOCAL | |
| número de clasificación | 808 |
| libristica | 77 |
| sección | SAN |
| 100 1# - ENTRADA PRINCIPAL--NOMBRE PERSONAL | |
| Nombre personal | Sanders, Lawrence |
| 9 (RLIN) | 3965 |
| 245 #4 - TITULO PROPIAMENTE DICHO | |
| Título | Los ardides de Timothy / |
| Mención de responsabilidad y remanente de la transcripción de la portada | Lawrence Sanders |
| 250 ## - MENCION DE EDICION | |
| Mención de edición | 1a ed. |
| 260 ## - PIE DE IMPRENTA | |
| Lugar de publicación, distribución, etc | Buenos Aires: |
| Nombre de la editorial, distribuidor, etc | Emecé; |
| Fecha de publicación | 1989. |
| 300 ## - DESCRIPCION FISICA | |
| Extension | 366 p. |
| 500 ## - NOTA GENERAL | |
| Nota general | Sanders, L. (1989). Los ardides de Timothy. (1a ed.). Buenos Aires : Emecé. |
| 505 ## - NOTA DE CONTENIDO | |
| Nota de contenido formateada | Timothy Cone, recordado protagonista de Los archivos de Timothy, conoce Wall Street como nadie. Su manera de vestirse no es inmaculada y no siempre suele estar sobrio, pero es un detective duro y sagaz, que se mueve como pez en el agua en el submundo de las finanzas neoyorquinas. Timothy se enfrenta ahora con tres nuevos casos, todos igualmente peligrosos: la mujer audaz que trama un ingenioso golpe especulativo; el asesinato de un empresario megalómano, odiado por muchos, pero muerto por una sola persona; y el caso de la empresa de productos alimenticios china, amenazada por complicadas rivalidades mafiosas. Los ardides de Timothy combina diversas características y los ambientes mas inusitados en un poderoso cocktail de acción e intriga, ágil y entretenido. |
| 590 ## - NOTAS LOCALES (RLIN) | |
| Nota local | DONACION Victoria Lara mayo 2018 |
| 655 ## - MATERIA - GENERO/FORMA | |
| Género/Forma | Literatura |
| -- | 2917 |
| 942 ## - ADDED ENTRY ELEMENTS (KOHA) | |
| Source of classification or shelving scheme | Dewey Decimal Classification |
| Item type | LITERATURA |
| Estado de retiro | Existencia | Fuente de clasificación | Estado general | No para prestamo | Ubicación permanente | ubicación actual | Fecha de adquisición | Fuente de adquisición | Total Checkouts | Número de clasificación | Código de barras | Date last seen | Número de ejemplar | Price effective from | Koha tipo de elemento (item) | Public note |
|---|---|---|---|---|---|---|---|---|---|---|---|---|---|---|---|---|
| Dewey Decimal Classification | Biblioteca Medicina | Biblioteca Medicina | 24/05/2018 | Donacion | 808 77 SAN | 4317 | 24/05/2018 | Ej. 1 | 24/05/2018 | LITERATURA | DONACION Victoria Lara mayo 2018 |